| 000 | 01142nam a2200325 i 4500 | ||
|---|---|---|---|
| 001 | 68876 | ||
| 003 | Mx-PuUPA | ||
| 005 | 20250825123439.0 | ||
| 008 | 250821s2017 mx |||dr|||| 00| f spa d | ||
| 020 | _a9786072426344 | ||
| 020 |
_a9789687791760 _qde la colección El Barco de Vapor |
||
| 040 |
_aMx-PuUPA _bspa _cMx-PuUPA _dMx-PuUPA _erda |
||
| 041 | 0 | _aspa | |
| 100 | 1 |
_aMoure, Gonzalo, _d1951- _910735 _eautor |
|
| 245 | 1 | 0 |
_aLili, libertad / _cGonzalo Moure Trenor |
| 250 | _aSegunda edición | ||
| 264 | 1 |
_aCiudad de México : _bSM de Ediciones, _c2017 |
|
| 300 |
_a81 páginas ; _c19 cm |
||
| 336 |
_2rdacontent _atexto _btxt |
||
| 337 |
_2rdamedia _asin medio _bn |
||
| 338 |
_2rdacarrier _avolumen _bnc |
||
| 490 | 1 |
_aColección El barco de vapor. Roja ; _v28 |
|
| 500 | _a"Premio El Barco de Vapor 1995 (España)".-- Portada | ||
| 650 | 7 |
_2armarc _aCarnaval _xLiteratura infantil |
|
| 650 | 7 |
_2armarc _aEscuelas _vNovela |
|
| 830 | 3 |
_aEl Barco de vapor. _912924 _pRoja _v29 M |
|
| 942 |
_2ddc _cLI _h863 _iB |
||
| 999 |
_c68876 _d68876 |
||